00313nam a2200121 450000500170000010000170001724500320003426400370006630000180010333600220012133700240014333800240016720260530115312.01 aPaco Asencio10aFurniture / Möbel DESIGN  1bTneus • Loft Publicationc2003 a398 páginas atexto2rdacontent asin medio2rdamedia avolumen2rdacarrier